00687nam a2200205Ia 450000500170000000800410001702000180005808200200007610000210009624500370011725000120015426000380016630000080020444000090021265000210022165000210024294200070026399900190027095201920028920240920112854.0240126s9999 xx 000 0 und d a9788179917992 a641.5 KAP;1 R aKapoor, Sanjeev. 0aKitchen secrets : global cuisine a1st ed. bPopular prakashan pvt ltdaMumbai a160 aNULL aHotel management aHotel management cPU c276424d276424 r2024-01-26 00:00:00l0o641.5 KAP;1 RpPU4028W0h(07/07/1905)v100.00w2024-01-26yPU1040708HEM00KA-1496aMLbMLcHMd2015-09-22eTycoon Advertisingg100.00EHMGRSF1V0URupees